Deutsche Städte - Keine Vokale - Statistiken

Allgemein
  • Dieses Quiz wurde 179 mal gespielt
  • Das Durchschnittsergebnis liegt bei 17 aus 20
Antwortstatistiken
Hint Antwort % Korrekt
gsbrg Augsburg
100%
Bmbrg Bamberg
100%
Brln Berlin
100%
Bchm Bochum
100%
Bnn Bonn
100%
Brndnbrg n dr Hvl Brandenburg an der Havel
100%
Brmn Bremen
100%
Chmntz Chemnitz
100%
Cttbs Cottbus
100%
Drmstdt Darmstadt
100%
Drtmnd Dortmund
100%
Drsdn Dresden
100%
Frnkfrt m Mn Frankfurt am Main
100%
Frnkfrt (dr) Frankfurt (Oder)
100%
Frbrg m Brsg Freiburg im Breisgau
100%
Frth Fürth
100%
Glsnkrchn Gelsenkirchen
100%
Gßn Gießen
100%
Grltz Görlitz
100%
Hgn Hagen
100%
Hmbrg Hamburg
100%
Hlbrnn Heilbronn
100%
Hldshm Hildesheim
100%
Jn Jena
100%
Kssl Kassel
100%
Kl Kiel
100%
Kblnz Koblenz
100%
Kln Köln
100%
Knstnz Konstanz
100%
Lndsht Landshut
100%
Lpzg Leipzig
100%
Lvrksn Leverkusen
100%
Lbck Lübeck
100%
Ldwgsbrg Ludwigsburg
100%
Lnbrg Lüneburg
100%
Mgdbrg Magdeburg
100%
Mnz Mainz
100%
Mnchngldbch Mönchengladbach
100%
Mnchn München
100%
Mnstr Münster
100%
Nss Neuss
100%
Nrdrstdt Norderstedt
100%
Nrnbrg Nürnberg
100%
ffnbch m Mn Offenbach am Main
100%
Pdrbrn Paderborn
100%
Ptsdm Potsdam
100%
Rvnsbrg Ravensburg
100%
Rcklnghsn Recklinghausen
100%
Rstck Rostock
100%
Srbrckn Saarbrücken
100%
Slzgttr Salzgitter
100%
Schwnfrt Schweinfurt
100%
Wsbdn Wiesbaden
100%
Wlhlmshvn Wilhelmshaven
100%
Wlfsbrg Wolfsburg
100%
Wpprtl Wuppertal
100%
Wrzbrg Würzburg
100%
Zwck Zwickau
100%
Bchlt Bocholt
95%
schffnbrg Aschaffenburg
94%
nglstdt Ingolstadt
94%
Mnnhm Mannheim
94%
Mrl Marl
94%
Rgnsbrg Regensburg
94%
Stttgrt Stuttgart
94%
Bdn-Bdn Baden-Baden
93%
Blfld Bielefeld
93%
Dssldrf Düsseldorf
93%
Gppngn Göppingen
93%
Gttngn Göttingen
93%
Grfswld Greifswald
93%
Hnnvr Hannover
93%
Krlsrh Karlsruhe
93%
Lppstdt Lippstadt
93%
Ldwgshfn m Rhn Ludwigshafen am Rhein
93%
Mndn Minden
93%
Pfrzhm Pforzheim
93%
Trr Trier
93%
Vrsn Viersen
93%
Bd Hmbrg vr dr Hh Bad Homburg vor der Höhe
92%
Dsbrg Duisburg
92%
Rsttt Rastatt
92%
Brnschwg Braunschweig
91%
Brmrhvn Bremerhaven
91%
Hmln Hameln
91%
Hrfrd Herford
91%
Wtzlr Wetzlar
91%
Dtmld Detmold
90%
Flnsbrg Flensburg
90%
Frdrchshfn Friedrichshafen
90%
Ksrsltrn Kaiserslautern
90%
Strlsnd Stralsund
90%
rfrt Erfurt
89%
Mrbrg Marburg
89%
Pss Passau
89%
Schwrn Schwerin
89%
Vllngn-Schwnnngn Villingen-Schwenningen
89%
Bttrp Bottrop
88%
Cstrp-Rxl Castrop-Rauxel
88%
Gldbck Gladbeck
88%
Lrrch Lörrach
88%
Wmr Weimar
88%
Wrms Worms
88%
Hdlbrg Heidelberg
87%
Lngnfld (Rhnlnd) Langenfeld (Rheinland)
87%
Wlfnbttl Wolfenbüttel
87%
Cll Celle
86%
Dlmnhrst Delmenhorst
86%
Hmm Hamm
86%
Mrs Moers
86%
Rtlngn Reutlingen
86%
Krfld Krefeld
85%
Nrdhrn Nordhorn
85%
Rmschd Remscheid
85%
Nstdt n dr Wnstrß Neustadt an der Weinstraße
84%
chn Aachen
83%
Bblngn Böblingen
83%
ssn Essen
83%
Kmptn (llg) Kempten (Allgäu)
83%
Rsnhm Rosenheim
83%
Byrth Bayreuth
82%
Brgsch Gldbch Bergisch Gladbach
82%
Gmmrsbch Gummersbach
82%
Gtrslh Gütersloh
82%
Klv Kleve
82%
Wttn Witten
82%
Bd Krznch Bad Kreuznach
81%
lmshrn Elmshorn
81%
Mlhm n dr Rhr Mülheim an der Ruhr
81%
Sgn Siegen
81%
Drstn Dorsten
80%
rlngn Erlangen
80%
Tbngn Tübingen
80%
lm Ulm
80%
snbrck Osnabrück
79%
Hll (Sl) Halle (Saale)
78%
Lngnhgn Langenhagen
78%
Sndlfngn Sindelfingen
78%
Hrn Herne
77%
Nbrndnbrg Neubrandenburg
76%
Brghm Bergheim
75%
sslngn m Nckr Esslingen am Neckar
75%
Lngn (ms) Lingen (Ems)
75%
Ldnschd Lüdenscheid
75%
N-lm Neu-Ulm
75%
Schwbsch Gmnd Schwäbisch Gmünd
75%
Httngn Hattingen
74%
Fld Fulda
73%
ffnbrg Offenburg
73%
Hdnhm n dr Brnz Heidenheim an der Brenz
71%
Hrtn Herten
71%
Lhr/Schwrzwld Lahr/Schwarzwald
71%
Rtngn Ratingen
71%
Bd Slzfln Bad Salzuflen
70%
schwlr Eschweiler
70%
Gr Gera
69%
Krpn Kerpen
69%
hln Ahlen
67%
Drmgn Dormagen
67%
Drn Düren
67%
Wblngn Waiblingen
67%
Wsl Wesel
67%
Nmnstr Neumünster
65%
Dss-Rßl Dessau-Roßlau
64%
Hn Hanau
64%
Rsslshm m Mn Rüsselsheim am Main
64%
Vlbrt Velbert
64%
Nwd Neuwied
63%
Slngn Solingen
62%
Lnn Lünen
60%
Plhm Pulheim
59%
Mrbsch Meerbusch
58%
Mndn (Srlnd) Menden (Sauerland)
58%
brhsn Oberhausen
58%
Dnslkn Dinslaken
57%
Snkt gstn Sankt Augustin
56%
Pn Peine
55%
rnsbrg Arnsberg
53%
Bd ynhsn Bad Oeynhausen
53%
ldnbrg Oldenburg
53%
skrchn Euskirchen
50%
Frchn Frechen
50%
Stlbrg (Rhnlnd) Stolberg (Rheinland)
50%
Grvnbrch Grevenbroich
47%
Pln Plauen
47%
Hrth Hürth
46%
bbnbrn Ibbenbüren
45%
Trsdrf Troisdorf
42%
Rhn Rheine
41%
nn Unna
38%
Hldn Hilden
36%
srlhn Iserlohn
35%
Grbsn Garbsen
31%
ln Aalen
29%
Grn (Wstf.) Gronau (Westf.)
21%
Keine übereinstimmenden Quizze gefunden
Verteilung der Resultate
Anzahl Personen mit jedem Resultat
Perzentil nach korrekt beantworteten Fragen
Ihre Resultats-Entwicklung
Sie haben dieses Quiz noch nicht gespielt